| 000 | 00477cam a2200181ua 4500 | ||
|---|---|---|---|
| 041 |
_aeng _h |
||
| 082 |
_a664.07 _bMEI/SE |
||
| 100 | _aMeilgaard, Morten . | ||
| 245 |
_aSensory evaluation techniques / _cMorten Meilgaard. _hTextual Documents |
||
| 250 |
_a3 / _b. |
||
| 260 |
_aBocaratton : _bCRC Press Inc. , _c1999. |
||
| 300 |
_a387 ; _eCD. |
||
| 504 | _a | ||
| 700 | 1 | _aCarr, Thomas B . | |
| 700 | 1 | _aCiville , Gail Vance . | |
| 942 | _cBK | ||
| 999 |
_c13288 _d13288 |
||